000 00456nam a22001457a 4500
008 150116b xxu||||| |||| 00| 0 eng d
020 _a2101000061102
100 _aGrogan, Brian
_914095
245 _aTo grow in love
_cBrian Grogan
_ba spirituality of ageing
260 _aDublin
_bMessenger Publications
_c2011
300 _a79p. ;
_c22cm.
650 _aChurch work with the aged
_914096
650 _aAged
_xreligious life
_914097
942 _2lcc
_cMONOGRAPH
999 _c121720
_d121720